| 000 | 00487nam a2200181Ia 4500 | ||
|---|---|---|---|
| 005 | 20240606031853.0 | ||
| 008 | 240331s9999 xx 000 0 und d | ||
| 082 |
_bCHO _a362 |
||
| 100 | _aChowdhury, Q.A | ||
| 100 | _aShamim,I | ||
| 245 | 0 |
_aAbandoned children : _bbetter home better future |
|
| 250 | _a1st | ||
| 260 |
_aBangladesh _bCentres for Training and Rehabilitation of Destitute Women _c1994 |
||
| 300 | _aiv,80 p., | ||
| 650 | _aChildren | ||
| 650 | _aWomen | ||
| 942 | _cL | ||
| 999 |
_c2894 _d2894 |
||